| 000 | 01595cam a2200349 a 4500 | ||
|---|---|---|---|
| 001 | 16222583 | ||
| 003 | USPCAS-E | ||
| 005 | 20180118181412.0 | ||
| 008 | 100507s2010 vaua b 001 0 eng | ||
| 010 | _a 2010019620 | ||
| 020 | _a9781567262889 (pbk.) | ||
| 020 | _a1567262880 (pbk.) | ||
| 035 | _a(OCoLC)ocn613646982 | ||
| 040 |
_aDLC _cDLC _dYDX _dPMIPA _dCDX _dYDXCP _dDLC |
||
| 042 | _apcc | ||
| 050 | 0 | 0 |
_aHD69.P75 _bL4834 2010 |
| 082 | 0 | 0 |
_a658.4094 _222 _bLEV-I 2010 |
| 100 | 1 | _aLevin, Ginger. | |
| 245 | 1 | 0 |
_aInterpersonal skills for portfolio, program, and project managers / _cGinger Levin. |
| 260 |
_aVienna, VA : _bManagement Concepts, _cc2010. |
||
| 300 |
_axix, 286 p. : _bill. ; _c26 cm. |
||
| 502 | _a0 | ||
| 504 | _aIncludes bibliographical references (p. [273]-280) and index. | ||
| 505 | 0 | _aIntroduction -- Leadership -- Team-building strategies -- The art of motivation -- Interpersonal communication tools -- Building and managing relationships with stakeholders -- Decision-making -- Managing stress -- Resolving conflict and managing agreement -- Critical incidents : coping with traumatic events -- Future issues, career management, and thoughts on interpersonal issues -- References and recommended resources -- Index. | |
| 650 | 0 | _aProject management. | |
| 650 | 0 | _aPersonnel management. | |
| 650 | 0 | _aInterpersonal relations. | |
| 650 | 0 | _aInterpersonal communication. | |
| 906 |
_a7 _bcbc _corignew _d1 _eecip _f20 _gy-gencatlg |
||
| 942 |
_2ddc _cBK |
||
| 999 |
_c355742 _d355742 |
||